| 000 | 01165cam a22003251a 4500 | ||
|---|---|---|---|
| 001 | gs 54000318 | ||
| 003 | DLC | ||
| 005 | 20260227111402.0 | ||
| 008 | 780930s1954 dcuab b f001 0 eng | ||
| 010 | _ags 54000318 | ||
| 035 | _a(OCoLC)4257158 | ||
| 040 |
_aDLC _cOClU _dDNAL _dDLC |
||
| 042 | _apremarc | ||
| 050 | 0 | 0 |
_aQE75 _b.B9 no. 990 |
| 070 | 0 |
_a407 _bG29B no.990 |
|
| 072 | 0 |
_aX400 _aP100 |
|
| 100 | 1 |
_aMiller, Ralph L. _q(Ralph Le Roy), _d1909- |
|
| 245 | 1 | 0 |
_aGeology and oil resources of the Jonesville district, Lee County, Virginia / _cby Ralph L. Miller and William P. Brosgé. |
| 260 |
_aWashington, [D.C.] : _bU.S. G.P.O., _c1954. |
||
| 300 |
_avii, 240 p. : _bill., maps (2 col.) ; _c24 cm. |
||
| 440 | 0 |
_aGeological Survey bulletin ; _v990 |
|
| 500 | _aEight folded leaves in pocket. | ||
| 500 | _aPrepared in cooperation with the Virginia Geological Survey. | ||
| 504 | _aBibliography: p. 234-236. | ||
| 500 | _aIncludes index. | ||
| 650 | 0 |
_aGeology _zVirginia _zLee County. |
|
| 650 | 0 |
_aPetroleum _zVirginia _zLee County. |
|
| 650 | 0 |
_aMines and mineral resources _zVirginia _zLee County. |
|
| 700 | 1 |
_aBrosgé, William Peters, _d1921- |
|
| 999 |
_c28914 _d28914 |
||